music trivia: 1999 songs and artists - Statistics

General Stats
  • This quiz has been taken 224 times
    200 since last reset
  • The average score is 8 of 15
Answer Stats
these are 1999 songs who did them? % Correct
That Don't Impress Me Much Shania Twain
85%
Believe Cher
81%
All Star Smashmouth
70%
Scar Tissue Red Hot Chili Peppers
69%
Smooth Santana with Rob Thomas
69%
Mambo No. 5 (A Little Bit of...) Lou Bega
68%
Fly Away Lenny Kravitz
62%
Praise You Fatboy Slim
60%
Steal My Sunshine Len
50%
Beautiful Stranger Madonna
47%
Do Wop (That Thing) Lauren Hill
40%
I Try Macy Gray
36%
She's So High Tal Bachman
36%
Last Kiss Pearl Jam
30%
When You Believe Whitney Houston and Mariah Carey
26%
No matching quizzes found
Score Distribution
Percent of People with Each Score
Percentile by Number Answered
Your Score History
You have not taken this quiz since the last reset